| 000 | 00810nac a22002411u 4500 | ||
|---|---|---|---|
| 010 | _a 89003927 | ||
| 020 | _a013744723X | ||
| 082 | 0 | 0 |
_a620.00420285 _bPHA |
| 090 |
_c9516 _d9516 |
||
| 100 | _aPhadke, Madhav Shridha | ||
| 245 | 1 | 0 |
_aQuality engineering using robust design / _cMadhav S. Phadke. |
| 260 |
_aEnglewood Cliffs, N.J. : _bPrentice Hall,1989 _cc1989. |
||
| 300 |
_axviii, 334 p. : _bill. ; _c25 cm. |
||
| 500 | _aAt head of title: AT&T. | ||
| 500 | _aIncludes index. | ||
| 500 | _adistributer: Al-Ahram | ||
| 504 | _aBibliography: p. 321-325. | ||
| 511 | _acatalogued by: wessam | ||
| 650 | 0 | _aEngineering design. | |
| 650 | 0 | _aComputer-aided design. | |
| 650 | 0 |
_aIntegrated circuits _xVery large scale integration. |
|
| 942 |
_cBB _k620.00420285PHA |
||
| 999 |
_c9516 _d9516 |
||